Minecraft Mobs - Statystyki

Ogólne statystyki
  • Ten quiz został rozwiązany 697 razy
    480 od ostatniego zresetowania
  • Średni wynik to 32 z 79
Statystyki odpowiedzi
Versions Answers % Poprawnych
Java Edition Classic Zombie
93%
Java Edition Classic Pig
84%
Java Edition Alpha Cow
81%
1.0.0 Ender Dragon
81%
1.4.2 Wither
79%
Java Edition Classic Skeleton
77%
Java Edition Classic Creeper
75%
Java Edition Beta Enderman
71%
1.0.0 Villager
71%
Java Edition Alpha Chicken
67%
1.16 Piglin
67%
Java Edition Classic Sheep
66%
Java Edition Classic Spider
65%
1.6.1 Horse
62%
Java Edition Beta Wolf
60%
1.14 Cat
56%
Java Edition Alpha Ghast
53%
1.0.0 Blaze
51%
1.2.1 Iron Golem
51%
1.14 Pillager
51%
1.15 Bee
50%
1.19 Warden
49%
1.4.2 Wither Skeleton
49%
1.4.2 Witch
46%
Java Edition Beta Cave Spider
45%
1.2.1 Ocelot
45%
1.13 Salmon
42%
1.16 Hoglin
41%
1.6.1 Donkey
40%
1.8 Guardian
40%
1.12 Parrot
40%
1.9 Shulker
40%
Java Edition Alpha Slime
40%
Java Edition Beta Squid
39%
1.13 Dolphin
38%
1.8 Endermite
38%
1.13 Tropical Fish
37%
1.4.2 Bat
36%
1.0.0 Magma Cube
36%
1.13 Pufferfish
36%
Java Edition Beta Silverfish
36%
1.17 Axolotl
35%
1.19 Frog
35%
1.13 Phantom
34%
1.8 Rabbit
34%
1.19 Allay
33%
1.13 Drowned
33%
1.11 Vex
33%
1.4.2 Zombie Villager
33%
1.14 Panda
32%
1.13 Cod
31%
1.8 Elder Guardian
31%
1.10 Husk
31%
1.10 Polar Bear
31%
1.14 Fox
30%
1.17 Goat
29%
1.20 Sniffer
29%
1.0.0 Snow Golem
29%
1.16 Zoglin
29%
Java Edition Alpha Zombified Piglin
29%
1.6.1 Skeleton Horse
28%
1.17 Glow Squid
27%
1.13 Turtle
27%
1.20 Camel
26%
1.11 Llama
26%
1.6.1 Mule
24%
1.16 Strider
24%
1.11 Evoker
23%
1.10 Stray
23%
1.11 Vindicator
22%
1.14 Ravager
21%
1.16.2 Piglin Brute
19%
1.0.0 Mooshroom
14%
1.14 Wandering Trader
14%
Java Edition Alpha Spider Jockey
13%
1.7.4 Chicken Jockey
9%
1.19 Tadpole
8%
1.14 Trader Llama
4%
1.9 Skeleton Horseman
3%
Nie znaleziono quizów pasujących do podanych kryteriów
Rozkład punktacji
Procent ludzi z każdym wynikiem
Percentyl według liczby udzielonych odpowiedzi
Twoja historia wyników
Nie rozwiązałeś tego quizu od ostatniego zresetowania